Teatro italiano contemporaneo

Gorde:
Xehetasun bibliografikoak
Formatua: Liburua
Hizkuntza:gaztelania
Argitaratua: Madrid Aguilar 1964
Saila:Teatro Contemporáneo
Gaiak:
Etiketak: Etiketa erantsi
Etiketarik gabe, Izan zaitez lehena erregistro honi etiketa jartzen!

MARC

LEADER 00000nam a2200000 a 4500
001 UCZ1452
003 CL-VaPUC
008 950824e19640000SP |||||||||||||||||spa|d
082 0 4 |a 852  |b TEA  |2 21 
245 1 0 |a Teatro italiano contemporaneo 
246 1 0 |a Cristo ha matado 
246 1 0 |a Corrupción en el palacio de justicia 
246 1 0 |a Inquisición 
246 1 0 |a Lidia o el infinito 
246 1 0 |a Miedo de si mismo 
246 1 0 |a Mi familia 
300 |a 507 p 
942 |c BK 
945 |d 19950824 00:00:00  |a rbrito 
260 |a Madrid  |b Aguilar  |c 1964 
650 7 |a DRAMAS ITALIANOS  |2 CL-VaPUC  |9 345017 
583 |a last modification  |c 19950824 00:00:00  |k Rodrigo Vera 
490 0 |a Teatro Contemporáneo 
999 |c 238197  |d 238195 
952 |0 0  |1 0  |4 0  |6 852_000000000000000_TEA_1964  |7 0  |8 A  |9 248228  |a BIBEDU  |b BIBEDU  |d 2019-11-18  |i 3106551  |o 852 TEA 1964  |p 3106551  |r 2019-11-18  |w 2019-11-18  |y BK  |k LIT